Estadísticas para Países transcontinentales

Haz click aquí para intentar la prueba.

Estadísticas generales

  • Esta prueba ha sido intentada 125 veces
  • La puntuación promedio es 16 de 23

Estadísticas de respuestas

Respuesta% Correcto
Europa-AsiaRusia
96%
Europa-AsiaTurquia
94%
Europa-África-América-OceaníaFrancia
88%
Europa-ÁfricaEspaña
85%
Europa-África-Asia-América-OceaníaReino Unido
84%
América-OceaníaEstados Unidos
82%
Asia-ÁfricaEgipto
78%
Asia-OceaníaIndonesia
78%
Europa-ÁfricaItalia
72%
Europa-AsiaGeorgia
71%
Europa-AsiaArmenia
70%
Europa-AsiaAzerbaiyán
70%
Europa-ÁfricaPortugal
69%
Asia-OceaníaAustralia
67%
Europa-AméricaDinamarca
65%
América-OceaníaChile
62%
Europa-AsiaKazajistán
62%
Europa-AméricaPaises Bajos
61%
Asia-OceaníaJapón
51%
Europa-AsiaGrecia
46%
Asia-ÁfricaYemen
44%
Europa-AméricaIslandia
41%
Asia-OceaníaTimor Oriental
40%

Distribución de puntuación

Porcentaje por número respondido

Porcentaje de gente con cada puntuación

Historial de tus puntuaciones

No has intentado esta prueba.